The harvest is ready. (Record no. 10994)

000 -LEADER
fixed length control field 00551nam a2200181 a 4500
001 - CONTROL NUMBER
control field :::00008787$&:&@@
003 - CONTROL NUMBER IDENTIFIER
control field OkBaRHE
005 - DATE AND TIME OF LATEST TRANSACTION
control field 20000607103346.0
008 - FIXED-LENGTH DATA ELEMENTS--GENERAL INFORMATION
fixed length control field s1984 j 000 0 eng u
040 ## - CATALOGING SOURCE
Transcribing agency
100 1# - MAIN ENTRY--PERSONAL NAME
Personal name Sims, Don.
245 14 - TITLE STATEMENT
Title The harvest is ready.
260 ## - PUBLICATION, DISTRIBUTION, ETC. (IMPRINT)
Place of publication, distribution, etc Clarksville, AR., :
Name of publisher, distributor, etc Your Hands Extended
Date of publication, distribution, etc c1984
300 ## - PHYSICAL DESCRIPTION
Extent 33 p. ;
Dimensions 21 cm.
650 ## - SUBJECT ADDED ENTRY--TOPICAL TERM
Topical term or geographic name as entry element Evangelistic Work
General subdivision Study and Teaching
942 ## - ADDED ENTRY ELEMENTS (KOHA)
Source of classification or shelving scheme
Koha item type Books
Copies
Date last seen Copy number Lost status Koha item type Shelving location Date acquired Damaged status Withdrawn status Permanent Location Full call number Price effective from Barcode Source of classification or shelving scheme Not for loan
2010-04-141 BooksGeneral Stacks2010-04-14  RHEMA Bible Training CollegeBV 3795 .S4882010-04-148787